| 000 | 005260000a22001570004500 | ||
|---|---|---|---|
| 003 | MACL | ||
| 005 | 20180216130408.0 | ||
| 008 | 180216b xxu||||| |||| 00| 0 eng d | ||
| 040 | _cmacl | ||
| 100 |
_aशैलेश्ा ,डॉ दिनेश चमोला _970380 |
||
| 245 | _aकान्हा की बांसुरी | ||
| 260 |
_aदेहारादून _bचिमादी प्रकाशन _c2008 |
||
| 350 | _a150 | ||
| 650 |
_aकविता _970381 |
||
| 942 |
_cHIN _k891.431/CHA/P _2ddc |
||
| 999 |
_c48776 _d48776 |
||